000 00897cam a2200193 4500
001 ABS66435
008 030303n2003 000 0 eng u
035 _a(Sirsi) u121481
100 _aSou, G.
245 _aBreak the accident chain by safety inspection
260 _c2003
490 _aBuilding Engineer
_v78(2) February 2003, 26-27(2)
520 _aDescribes the route which can be followed to eliminate accidents. Outlines a 'chain' of circumstances involved in accidents, which can be broken down into the environment, human factors, unsafe acts, unsafe conditions, the accident and injury or damage. Argues that safety inspections can break this chain by providing a safety inspection checklist, which emphasises an employer's responsibilities.
590 _aABS
650 _aACCIDENTS
650 _aHEALTH AND SAFETY CHECKLISTS
690 _aHealth and safety
_96244
942 _n0
999 _c72194
_d72194